[Event "Close encounters"]
[Site "SchemingMind.com"]
[Date "2019.02.10"]
[Round "-"]
[White "maro"]
[Black "Phillip Beckett"]
[Result "1-0"]
[WhiteCountry "MEX"]
[BlackCountry "ENG"]
[WhiteElo "1442"]
[WhiteRD "68"]
[BlackElo "1526"]
[BlackRD "52"]
[GameID "438203"]

1. d4 d5 2. c4 e6 3. Nc3 Nf6 4. Nf3 Be7 5. Bg5 h6 6. Bh4 O-O 7. e3 Ne4 8. a3 Bxh4 9. Nxh4 Nxc3 10. bxc3 Qxh4
11. g3 Qe7 12. c5 b6 13. cxb6 cxb6 14. Bd3 Ba6 15. O-O Bxd3 16. Qxd3 Nc6 17. e4 dxe4 18. Qxe4 Qd7 19. Rad1 Qd5 20. Qc2 Rfc8
21. c4 Qf5 22. Qe2 Na5 23. Rb1 Rd8 24. Rb5 Rac8 25. Rxf5 exf5 26. f4 Nxc4 27. Rc1 Nd6 28. Rxc8 Rxc8 29. Qa6 Rc1+ 30. Kg2 Ne4
31. Qb5 Rc2+ 32. Kf3 Rf2+ 33. Ke3 Rxh2 34. Qe8+ Kh7 35. d5 Nf6 36. Qc6 Ng4+ 37. Kd3 Rh3 38. d6 Rxg3+ 39. Kd4 Nf6 40. d7 Nxd7
41. Qxd7 Rxa3 42. Kc4 Ra4+ 43. Kb5 Ra5+ 44. Kc6 Rc5+ 45. Kb7 Rc7+ 46. Qxc7
1-0

[Event "Close encounters"]
[Site "SchemingMind.com"]
[Date "2019.02.10"]
[Round "-"]
[White "Phillip Beckett"]
[Black "maro"]
[Result "1-0"]
[WhiteCountry "ENG"]
[BlackCountry "MEX"]
[WhiteElo "1559"]
[WhiteRD "53"]
[BlackElo "1410"]
[BlackRD "63"]
[GameID "438204"]

1. d4 Nf6 2. c4 g6 3. Nc3 Bg7 4. e4 d6 5. f3 O-O 6. Be3 e5 7. d5 c6 8. h4 h5 9. Bg5 c5 10. Qd2 Na6
11. Bh6 Nh7 12. Bxg7 Kxg7 13. Nh3 Bxh3 14. Rxh3 f5 15. exf5 Rxf5 16. Ne4 Nf6 17. Nxf6 Qxf6 18. Bd3 e4 19. Bxe4 Re5 20. O-O-O Nb4
21. a3 Na6 22. Rg1 Rae8 23. Rg3 Kf8 24. Qh6+ Ke7 25. Rxg6 Qxh4 26. Qh7+ Kd8 27. Rxd6+ Kc8 28. Rd7 Qf4+ 29. Kb1 Qe3 30. Rc1 Nb8
31. Rc7+ Kd8 32. Rxb7 R8e7 33. Qg8+ Re8 34. Rxb8+ Kd7 35. Rxe8 Rxe8 36. Qf7+ Kd8 37. Qxa7 Re7 38. Qb8+ Kd7 39. Bf5+ Re6 40. Bxe6+ Ke7
41. Qc7+ Kf6 42. Qd8+ Ke5 43. Qc7+ Kd4 44. Rd1+ Kxc4 45. d6+ Kb5 46. Bd7+ Kc4 47. Rc1+ Kd5 48. Qc6+ Kd4 49. Qxc5+ Kd3 50. Qc3+ Ke2
51. Re1+
1-0

[Event "Close encounters"]
[Site "SchemingMind.com"]
[Date "2019.02.18"]
[Round "-"]
[White "Kenny Elliott"]
[Black "maro"]
[Result "1-0"]
[WhiteCountry "USA"]
[BlackCountry "MEX"]
[WhiteElo "1560"]
[WhiteRD "66"]
[BlackElo "1442"]
[BlackRD "68"]
[GameID "438407"]

1. d4 Nf6 2. c4 g6 3. Nc3 Bg7 4. e4 d6 5. Nf3 O-O 6. Be2 b6 7. O-O Bb7 8. d5 c6 9. Be3 cxd5 10. cxd5 Ng4
11. Bd4 Bxd4 12. Qxd4 Nf6 13. Bb5 a6 14. Ba4 b5 15. Bb3 Nbd7 16. a4 Nc5 17. Bc2 bxa4 18. Nxa4 e6 19. Nxc5 e5 20. Nxe5 dxc5
21. Qxc5 Rc8 22. Nc6 Nd7 23. Qc3 Bxc6 24. dxc6 Nb6 25. Rxa6 Nd7 26. Rd1 Qe7 27. Rxd7 Qe6 28. e5 f6 29. Bb3 Qxb3 30. Qxb3+ Kh8
31. Qe6 Rce8 32. Re7
1-0

[Event "Close encounters"]
[Site "SchemingMind.com"]
[Date "2019.02.18"]
[Round "-"]
[White "maro"]
[Black "Kenny Elliott"]
[Result "0-1"]
[WhiteCountry "MEX"]
[BlackCountry "USA"]
[WhiteElo "1410"]
[WhiteRD "63"]
[BlackElo "1566"]
[BlackRD "68"]
[GameID "438408"]

1. d4 d5 2. c4 e6 3. c5 Nc6 4. Nf3 Nf6 5. g3 g6 6. e3 Bg7 7. Nc3 O-O 8. Bh3 b6 9. cxb6 axb6 10. O-O Re8
11. Re1 Bb7 12. e4 e5 13. exd5 Nxd5 14. Nxd5 Qxd5 15. Bg2 Qd6 16. Ng5 exd4 17. Rxe8+ Rxe8 18. Bd2 d3 19. Qf3 f5 20. Bc3 d2
21. Rd1 Re1+ 22. Rxe1 dxe1=Q+ 23. Bxe1 Qf6 24. Nh3 Qe6 25. Bf1 h6 26. b3 Qxe1 27. Kg2 Kh7 28. Bc4 Qe4 29. Qxe4 fxe4 30. Nf4 Ne5
31. Be6 c5 32. h4 e3+ 33. Kf1 exf2 34. Kxf2 h5 35. Ke3 Ng4+ 36. Kd3 Be5 37. Kc4 Bxf4 38. gxf4 Be4 39. a4 Bf5 40. Bxf5 Ne3+
0-1

[Event "Close encounters"]
[Site "SchemingMind.com"]
[Date "2019.02.17"]
[Round "-"]
[White "Kenny Elliott"]
[Black "Phillip Beckett"]
[Result "1-0"]
[WhiteCountry "USA"]
[BlackCountry "ENG"]
[WhiteElo "1563"]
[WhiteRD "70"]
[BlackElo "1537"]
[BlackRD "52"]
[GameID "438409"]

1. d4 d5 2. Nf3 Nf6 3. c4 e6 4. Nc3 Be7 5. e3 c6 6. cxd5 exd5 7. Be2 O-O 8. O-O Nbd7 9. Bd3 Re8 10. e4 dxe4
11. Bxe4 Nxe4 12. Nxe4 Nf6 13. Nc3 Bd6 14. Bg5 Be7 15. Qb3 h6 16. Bh4 Qc7 17. Rfe1 Be6 18. Qc2 Nd5 19. Bxe7 Nxc3 20. bxc3 Rxe7
21. Ne5 Rae8 22. a4 Bd5 23. Re3 f6 24. Ng4 Rxe3 25. Nxe3 Qf4 26. Nxd5 cxd5 27. Qb3 Qd2 28. Qxd5+ Kh7 29. g3 Re1+ 30. Rxe1 Qxe1+
31. Kg2 Qxc3 32. Qe4+ Kg8 33. Qe6+ Kh7 34. d5 Qd4 35. d6
1-0

[Event "Close encounters"]
[Site "SchemingMind.com"]
[Date "2019.02.17"]
[Round "-"]
[White "Phillip Beckett"]
[Black "Kenny Elliott"]
[Result "0-1"]
[WhiteCountry "ENG"]
[BlackCountry "USA"]
[WhiteElo "1526"]
[WhiteRD "52"]
[BlackElo "1560"]
[BlackRD "66"]
[GameID "438410"]

1. d4 Nf6 2. c4 g6 3. Nc3 Bg7 4. e4 d6 5. f3 O-O 6. Be3 e5 7. d5 c6 8. Qd2 cxd5 9. cxd5 Nbd7 10. h4 h5
11. Bh6 Nh7 12. Bxg7 Kxg7 13. g4 Ndf6 14. gxh5 Nxh5 15. Qh2 Qb6 16. Nh3 Qe3+ 17. Qe2 Qxe2+ 18. Bxe2 Bxh3 19. Rxh3 Nf4 20. Rg3 Nf6
21. O-O-O Rac8 22. Rd2 Rh8 23. Bd1 Rxh4 24. Kb1 Rh1 25. Kc2 b5 26. Kb3 Rb8 27. Ne2 Nxe2 28. Bxe2 Rc1 29. Rc2 Rxc2 30. Kxc2 Nh5
31. Rg2 Nf4 32. Rf2 Nxe2 33. Rxe2 a5 34. Kd3 Rf8 35. Rf2 f5 36. exf5 Rxf5 37. Ke4 Rf4+ 38. Ke3 Rd4 39. Rd2 Rxd2 40. Kxd2 Kf6
41. Ke3 Kf5 42. b3 b4 43. Kf2 g5 44. Ke3 g4 45. fxg4+ Kxg4
0-1

[Event "Close encounters"]
[Site "SchemingMind.com"]
[Date "2019.03.02"]
[Round "-"]
[White "Kenny Elliott"]
[Black "ray winteringham"]
[Result "0-1"]
[WhiteCountry "USA"]
[BlackCountry "ENG"]
[WhiteElo "1560"]
[WhiteRD "66"]
[BlackElo "1523"]
[BlackRD "51"]
[GameID "438967"]

1. d4 d5 2. c4 e6 3. Nc3 Nf6 4. Nf3 a6 5. Bg5 h6 6. Bxf6 Qxf6 7. cxd5 exd5 8. Nxd5 Qd6 9. e4 c6 10. Nb6 Qb4+
11. Nd2 Qxb6 12. Nf3 Bb4+ 13. Nd2 Qxd4 14. b3 Bxd2+ 15. Qxd2 Qxa1+
0-1

[Event "Close encounters"]
[Site "SchemingMind.com"]
[Date "2019.03.02"]
[Round "-"]
[White "ray winteringham"]
[Black "Kenny Elliott"]
[Result "1-0"]
[WhiteCountry "ENG"]
[BlackCountry "USA"]
[WhiteElo "1523"]
[WhiteRD "51"]
[BlackElo "1560"]
[BlackRD "66"]
[GameID "438968"]

1. e4 c5 2. d4 cxd4 3. Qxd4 Nc6 4. Qd1 e5 5. Bd3 Nf6 6. Be3 d5 7. exd5 Qxd5 8. f3 e4 9. Be2 Qxd1+ 10. Bxd1 Be7
11. a3 exf3 12. Bxf3 Bd7 13. Ne2 O-O 14. O-O Rfe8 15. Bf2 Rad8 16. Nbc3 Bf5 17. Rac1 Rd2 18. Bxc6 bxc6 19. Nd4 Bg6 20. Nb1 Rxd4
21. Bxd4 Nd5 22. Bxa7 Bg5 23. Rce1 Ra8 24. c4 Nf4 25. Be3
1-0

[Event "Close encounters"]
[Site "SchemingMind.com"]
[Date "2019.03.03"]
[Round "-"]
[White "maro"]
[Black "ray winteringham"]
[Result "1-0"]
[WhiteCountry "MEX"]
[BlackCountry "ENG"]
[WhiteElo "1410"]
[WhiteRD "63"]
[BlackElo "1499"]
[BlackRD "49"]
[GameID "438969"]

1. e4 d5 2. exd5 Qxd5 3. Nc3 Qd8 4. Nf3 Nf6 5. d4 e6 6. a3 c5 7. dxc5 Qxd1+ 8. Nxd1 Bxc5 9. Be3 Bd6 10. Bd3 b6
11. O-O Bb7 12. Nd4 Nbd7 13. Nb5 Be5 14. f4 Bc7 15. Nxc7+ Ke7 16. Nxa8 Bxa8 17. f5 Ne5 18. fxe6 Kxe6 19. Bf5+ Ke7 20. Nc3 g6
21. Nd5+ Nxd5 22. Bd4 f6 23. Bh3 Rf8 24. Rad1 Nc4 25. b3 Nxa3 26. c4 Nb4 27. c5 Nc6 28. Rde1+ Kf7 29. Rxf6+
1-0

[Event "Close encounters"]
[Site "SchemingMind.com"]
[Date "2019.03.03"]
[Round "-"]
[White "ray winteringham"]
[Black "maro"]
[Result "0-1"]
[WhiteCountry "ENG"]
[BlackCountry "MEX"]
[WhiteElo "1499"]
[WhiteRD "49"]
[BlackElo "1410"]
[BlackRD "63"]
[GameID "438970"]

1. e4 e5 2. Nf3 Nf6 3. g3 Nxe4 4. Qe2 d5 5. Bg2 Bc5 6. O-O Nc6 7. d3 Nf6 8. Bd2 e4 9. h4 O-O 10. Nh2 Nd4
11. Qd1 exd3 12. c3 Nc2 13. Bf4 Nxa1 14. Qxd3 g6 15. Nd2 Bf5 16. Qb5 b6 17. Rxa1 Bd7 18. Qb3 a5 19. Rd1 a4 20. Qc2 Bf5
21. Qc1 Re8 22. Ndf3 Ng4 23. Nxg4 Bxg4 24. Re1 b5 25. Ne5 c6 26. Nxg4 Rxe1+ 27. Qxe1 h5 28. Nh6+ Kh7 29. Qc1 Qb6 30. Qe1 Ra7
31. Kf1 Re7 32. Qd2 b4 33. g4 Qb5+ 34. Kg1 Re2 35. Qc1 Bxf2+ 36. Kh2 Qd3 37. Nxf7 Bxh4 38. Ng5+ Bxg5 39. Bxg5 hxg4 40. Kg1 Qg3
41. Qf1 Re1
0-1

[Event "Close encounters"]
[Site "SchemingMind.com"]
[Date "2019.03.02"]
[Round "-"]
[White "Phillip Beckett"]
[Black "ray winteringham"]
[Result "1/2-1/2"]
[WhiteCountry "ENG"]
[BlackCountry "ENG"]
[WhiteElo "1526"]
[WhiteRD "52"]
[BlackElo "1523"]
[BlackRD "51"]
[GameID "438971"]

1. e4 c5 2. Nf3 Nc6 3. d4 cxd4 4. Nxd4 e5 5. Nb5 d6 6. N1c3 a6 7. Na3 g6 8. Be3 Bg7 9. Be2 Nge7 10. O-O b5
11. Nd5 Rb8 12. Nxe7 Nxe7 13. c3 Bb7 14. Bf3 O-O 15. Nc2 f5 16. exf5 Nxf5 17. Bxb7 Rxb7 18. Qd5+ Rbf7 19. Rad1 Qb8 20. g4 Nxe3
21. fxe3 Qc7 22. Rxf7 Rxf7 23. Rf1 Kf8 24. Qxf7+ Qxf7 25. Rxf7+ Kxf7 26. Kg2 Ke6 27. Ne1 e4 28. Nc2 a5 29. Nd4+ Bxd4 30. cxd4 d5
31. Kg3 b4 32. Kf4 h6 33. h4 a4 34. b3 a3 35. h5 g5+=
1/2-1/2

[Event "Close encounters"]
[Site "SchemingMind.com"]
[Date "2019.03.02"]
[Round "-"]
[White "ray winteringham"]
[Black "Phillip Beckett"]
[Result "1-0"]
[WhiteCountry "ENG"]
[BlackCountry "ENG"]
[WhiteElo "1523"]
[WhiteRD "51"]
[BlackElo "1526"]
[BlackRD "52"]
[GameID "438972"]

1. e4 e5 2. Nf3 Nc6 3. d3 Nf6 4. Nc3 Be7 5. Be2 d6 6. h3 Nd4 7. Be3 c5 8. O-O O-O 9. b3 h6 10. a4 Nh7
11. Qb1 Ng5 12. Nxg5 Bxg5 13. Nd1 f5 14. Bxd4 cxd4 15. c4 f4 16. f3 Bh4 17. Nf2 Bxf2+ 18. Rxf2 Qg5 19. Kh1 Qg3 20. Qg1 g5
21. Raf1 h5 22. Qh2 Qxh2+ 23. Kxh2 Kg7 24. g3 Rh8 25. Rg2 g4 26. h4 fxg3+ 27. Kxg3 Be6 28. Bd1 Rag8 29. Kh2 Kf8 30. fxg4+ Ke7
31. g5 Rf8 32. Rxf8 Rxf8 33. Bxh5 Rf4 34. Kg3 Rf1 35. Rf2 Rg1+ 36. Kh2 Rb1 37. Bg6 Rxb3 38. Bf5 Rxd3 39. Bxe6 Kxe6 40. g6
1-0

[Event "Close encounters"]
[Site "SchemingMind.com"]
[Date "2019.04.10"]
[Round "-"]
[White "Kenny Elliott"]
[Black "Allan Sedstrem"]
[Result "1-0"]
[WhiteCountry "USA"]
[BlackCountry "SCO"]
[WhiteElo "1569"]
[WhiteRD "71"]
[BlackElo "1555"]
[BlackRD "69"]
[GameID "440070"]

1. d4 d5 2. c4 Nf6 3. Nf3 Nc6 4. Nc3 e6 5. c5 Be7 6. e3 O-O 7. Bb5 Bd7 8. Bxc6 Bxc6 9. O-O b6 10. Ne5 Bb7
11. b4 a5 12. Ba3 axb4 13. Bxb4 Nd7 14. Nxd7 Qxd7 15. Qb3 Ba6 16. Rfe1 Bc4 17. Qb2 Bf6 18. cxb6 cxb6 19. Bxf8 Kxf8 20. Qxb6 Bd8
21. Qb1 Ba5 22. Rc1 g6 23. h4 h5 24. f3 Bc7 25. Qc2 Bg3 26. Ne2 Bxh4 27. Nf4 Ra3 28. Nxg6+ fxg6 29. Qxg6 Qf7 30. Qh6+ Ke7
31. Rcb1 Ra7 32. a4 Bd3 33. Rb8 Kd7 34. Qh8
1-0

[Event "Close encounters"]
[Site "SchemingMind.com"]
[Date "2019.04.10"]
[Round "-"]
[White "Allan Sedstrem"]
[Black "Kenny Elliott"]
[Result "1-0"]
[WhiteCountry "SCO"]
[BlackCountry "USA"]
[WhiteElo "1551"]
[WhiteRD "65"]
[BlackElo "1548"]
[BlackRD "71"]
[GameID "440071"]

1. c4 Nf6 2. d4 g6 3. e3 Bg7 4. Nf3 O-O 5. Bd3 d6 6. O-O Bg4 7. h3 Bxf3 8. Qxf3 Nc6 9. Nc3 Re8 10. a3 a6
11. b4 b5 12. Qxc6 bxc4 13. Bxc4 Qc8 14. Bb2 e5 15. Rae1 Qb8 16. Bxa6 exd4 17. exd4 Rxe1 18. Rxe1 Qa7 19. Bc4 Nh5 20. Re8+ Rxe8
21. Qxe8+ Bf8 22. Qxf7+ Kh8 23. Qg8#
1-0

[Event "Close encounters"]
[Site "SchemingMind.com"]
[Date "2019.04.10"]
[Round "-"]
[White "maro"]
[Black "Allan Sedstrem"]
[Result "1-0"]
[WhiteCountry "MEX"]
[BlackCountry "SCO"]
[WhiteElo "1451"]
[WhiteRD "54"]
[BlackElo "1551"]
[BlackRD "65"]
[GameID "440072"]

1. d4 d5 2. c4 Nf6 3. c5 Nc6 4. Nf3 Bg4 5. Nbd2 e6 6. e3 Ne4 7. Be2 g6 8. Nxe4 dxe4 9. Nd2 Bxe2 10. Qxe2 Qg5
11. O-O O-O-O 12. Nxe4 Qd5 13. Nf6 Qf5 14. Ng4 h5 15. Ne5 Nxe5 16. dxe5 Qxe5 17. c6 b6 18. Qa6+
1-0

[Event "Close encounters"]
[Site "SchemingMind.com"]
[Date "2019.04.11"]
[Round "-"]
[White "Allan Sedstrem"]
[Black "maro"]
[Result "0-1"]
[WhiteCountry "SCO"]
[BlackCountry "MEX"]
[WhiteElo "1551"]
[WhiteRD "65"]
[BlackElo "1451"]
[BlackRD "54"]
[GameID "440073"]

1. e4 e5 2. f4 exf4 3. d3 Qh4+ 4. Ke2 d5 5. Nf3 Bg4 6. Bxf4 Bxf3+ 7. gxf3 Qxf4 8. Qd2 Qe5 9. Nc3 Nf6 10. Bh3 Nc6
11. Nb5 Bc5 12. f4 Qh5+ 13. Ke1 Qxh3 14. Nxc7+ Kd7 15. Nxa8 Ng4 16. Qc3 Bf2+ 17. Ke2 Nd4+
0-1

[Event "Close encounters"]
[Site "SchemingMind.com"]
[Date "2019.04.10"]
[Round "-"]
[White "Phillip Beckett"]
[Black "Allan Sedstrem"]
[Result "1-0"]
[WhiteCountry "ENG"]
[BlackCountry "SCO"]
[WhiteElo "1578"]
[WhiteRD "52"]
[BlackElo "1551"]
[BlackRD "65"]
[GameID "440074"]

1. e4 e5 2. Nf3 d6 3. d4 exd4 4. Nxd4 g6 5. Nc3 Bg7 6. Be3 Nf6 7. f3 O-O 8. Qd2 Nc6 9. O-O-O Bd7 10. Kb1 b5
11. Nxc6 Bxc6 12. Bd4 Nd7 13. Bxg7 Kxg7 14. Nd5 Nb6 15. Qd4+ Kg8 16. Nxb6 axb6 17. h4 Bd7 18. e5 Be6 19. b3 c5 20. Qd2 d5
21. h5 b4 22. Qh6 Qc8 23. hxg6 Rd8 24. gxf7+ Bxf7 25. Qxh7+ Kf8 26. Qh8+ Ke7 27. Qf6+ Kd7 28. Qd6+ Ke8 29. Bb5+ Rd7 30. Rh8+
1-0

[Event "Close encounters"]
[Site "SchemingMind.com"]
[Date "2019.04.10"]
[Round "-"]
[White "Allan Sedstrem"]
[Black "Phillip Beckett"]
[Result "0-1"]
[WhiteCountry "SCO"]
[BlackCountry "ENG"]
[WhiteElo "1551"]
[WhiteRD "65"]
[BlackElo "1578"]
[BlackRD "52"]
[GameID "440075"]

1. d4 d5 2. c4 e6 3. Nc3 Nf6 4. Nf3 Be7 5. Ne5 c6 6. e3 Nbd7 7. Bd3 dxc4 8. Bxc4 Nxe5 9. dxe5 Nd5 10. O-O Nxc3
11. Qxd8+ Bxd8 12. bxc3 O-O 13. f4 Be7 14. Bb2 Rd8 15. Rad1 Bd7 16. g4 Be8 17. Rb1 Rd2 18. Rf2 Rad8 19. Rxd2 Rxd2 20. a3 Bc5
21. Bc1 Bxe3+ 22. Kf1 Rd1+ 23. Ke2 Rxc1 24. Rxc1 Bxc1 25. Kf3 Bxa3
0-1

[Event "Close encounters"]
[Site "SchemingMind.com"]
[Date "2019.04.10"]
[Round "-"]
[White "ray winteringham"]
[Black "Allan Sedstrem"]
[Result "0-1"]
[WhiteCountry "ENG"]
[BlackCountry "SCO"]
[WhiteElo "1444"]
[WhiteRD "49"]
[BlackElo "1551"]
[BlackRD "65"]
[GameID "440076"]

1. e4 e5 2. Nf3 d6 3. Be2 Nf6 4. h3 Nxe4 5. d3 Nf6 6. Be3 Nd5 7. Bd2 Bf5 8. Nc3 Nf4 9. O-O Nxe2+ 10. Nxe2 Nd7
11. a3 Be7 12. b3 Bf6 13. Rb1 O-O 14. a4 a5 15. Be3 b6 16. Nh2 Bh4 17. Ng3 Be6 18. Ne4 Nf6 19. f3 Nd5 20. Qd2 h6
21. g4 Bg3 22. Bxh6 Bf4 23. Bxf4 Nxf4 24. c4 Nxh3+ 25. Kh1 Qh4 26. Qe1 Qh6 27. Qd2 g5 28. Nf2 Nf4 29. Rg1 Rad8 30. Rg3 Kg7
31. Ne4 Rh8 32. Kg1 Nxd3 33. Qxg5+ Qxg5 34. Nxg5 Nf4 35. Kf2 Rxh2+ 36. Ke3 Re2#
0-1

[Event "Close encounters"]
[Site "SchemingMind.com"]
[Date "2019.04.11"]
[Round "-"]
[White "Allan Sedstrem"]
[Black "ray winteringham"]
[Result "0-1"]
[WhiteCountry "SCO"]
[BlackCountry "ENG"]
[WhiteElo "1551"]
[WhiteRD "65"]
[BlackElo "1444"]
[BlackRD "49"]
[GameID "440077"]

1. d4 d5 2. c4 e6 3. e3 Be7 4. Nc3 Nf6 5. Nf3 b6 6. Bd3 Bb7 7. O-O O-O 8. a3 Nbd7 9. h3 h6 10. b4 dxc4
11. Bxc4 Nh7 12. Bb2 Ndf6 13. Qc2 Bxf3 14. gxf3 Ng5 15. Kh2 Nxf3+ 16. Kg2 Ng5 17. f4 Ngh7 18. Bd3 Nd5 19. Nxd5 Qxd5+ 20. Be4 Qh5
21. Bxa8 Rxa8 22. Rf3 Bd6 23. Qc3 Nf6 24. d5 exd5 25. Rd1 c6 26. Qxc6 Rd8 27. Rdf1 Ne4 28. Bc1 Qg6+ 29. Kh2 Bxf4+ 30. Rxf4 Qg3+
31. Kh1 Qxh3+ 32. Kg1 Ng3 33. R1f3 Qh1+ 34. Kf2 Qh2+ 35. Ke1 Qe2#
0-1

[Event "Close encounters"]
[Site "SchemingMind.com"]
[Date "2019.04.19"]
[Round "-"]
[White "Kenny Elliott"]
[Black "Timaeus"]
[Result "1-0"]
[WhiteCountry "USA"]
[BlackCountry "JPN"]
[WhiteElo "1569"]
[WhiteRD "71"]
[BlackElo "1334"]
[BlackRD "73"]
[GameID "440389"]

1. d4 Nf6 2. c4 d5 3. cxd5 Nxd5 4. e4 Nb6 5. Nf3 f6 6. Nc3 e6 7. Qd3 Bd6 8. g3 O-O 9. Bg2 Bb4 10. a3 Bxc3+
11. Qxc3 Nc6 12. O-O Qd6 13. e5 fxe5 14. dxe5 Qe7 15. Bg5 Qf7 16. Be3 Nd5 17. Qc2 h6 18. Nd4 Bd7 19. Bxd5 Nxe5 20. Qxc7 Nf3+
21. Bxf3 Bc6 22. Qxf7+ Rxf7 23. Bxc6 bxc6 24. Nxc6 a6 25. Ne5 Rf5 26. Nd3 Rd8 27. Nf4 Rf6 28. b4 e5 29. Ng2 g5 30. Bc5
1-0

[Event "Close encounters"]
[Site "SchemingMind.com"]
[Date "2019.04.19"]
[Round "-"]
[White "Timaeus"]
[Black "Kenny Elliott"]
[Result "1/2-1/2"]
[WhiteCountry "JPN"]
[BlackCountry "USA"]
[WhiteElo "1334"]
[WhiteRD "73"]
[BlackElo "1569"]
[BlackRD "71"]
[GameID "440390"]

1. d4 Nf6 2. Bf4 g6 3. e3 Bg7 4. c4 d5 5. Nf3 Bg4 6. h3 Bxf3 7. Qxf3 c6 8. c5 O-O 9. Bd3 Nbd7 10. O-O Re8
11. Nc3 b6 12. e4 bxc5 13. dxc5 Nxc5 14. b4 Nxd3 15. Qxd3 d4 16. Ne2 e5 17. Bg3 Qb6 18. a3 Nd7 19. Rac1 Rec8 20. Rc4 c5
21. Rb1 Qd6 22. f4 Rab8 23. b5 a5 24. bxa6 Qxa6 25. Rxb8 Rxb8 26. Nc1 exf4 27. Bxf4 Ne5 28. Bxe5 Bxe5 29. Rxc5 Qf6 30. g3 Ra8
31. Qd2 Kg7 32. Nd3 Bxg3 33. e5 Qh4 34. Nf2 Rxa3 35. Rc1 Bxf2+ 36. Qxf2 Qxh3 37. Qf6+ Kh6 38. Qf4+ Kg7 39. Qf6+ Kh6 40. Qf4+ Kg7
41. Qf6+ Kh6 42. Qf4+ Kg7 43. Qf6+ Kh6 44. Qf4+
1/2-1/2

[Event "Close encounters"]
[Site "SchemingMind.com"]
[Date "2019.04.24"]
[Round "-"]
[White "maro"]
[Black "Timaeus"]
[Result "1-0"]
[WhiteCountry "MEX"]
[BlackCountry "JPN"]
[WhiteElo "1450"]
[WhiteRD "57"]
[BlackElo "1334"]
[BlackRD "73"]
[GameID "440391"]

1. d4 Nf6 2. c4 d5 3. Nf3 b6 4. Nc3 c6 5. cxd5 Nxd5 6. e4 Nxc3 7. bxc3 e6 8. Bd3 g6 9. Bg5 Be7 10. Bh6 Bf8
11. Bxf8 Kxf8 12. Qd2 Rg8 13. Qh6+ Rg7 14. Ng5 Ke7 15. Qxg7 Qe8 16. Nxh7 Nd7 17. Ng5 Bb7 18. Nxe6 Kxe6 19. Bc4+ Ke7 20. O-O c5
21. d5 Kd6 22. f4 Qxe4 23. Bb5 Qxd5 24. Rad1 Qxd1 25. Rxd1+ Kc7 26. Rxd7+ Kb8 27. Qe5+
1-0

[Event "Close encounters"]
[Site "SchemingMind.com"]
[Date "2019.04.24"]
[Round "-"]
[White "Timaeus"]
[Black "maro"]
[Result "1-0"]
[WhiteCountry "JPN"]
[BlackCountry "MEX"]
[WhiteElo "1334"]
[WhiteRD "73"]
[BlackElo "1450"]
[BlackRD "57"]
[GameID "440392"]

1. d4 e6 2. Bf4 d5 3. e3 Bd6 4. Nf3 Nf6 5. Be2 b6 6. Nc3 c5 7. Bxd6 Qxd6 8. Nb5 Qe7 9. O-O a6 10. Nc3 c4
11. b3 Qb4 12. Na4 cxb3 13. axb3 Qd6 14. c4 Bd7 15. c5 bxc5 16. dxc5 Qc7 17. Qd4 Bxa4 18. Qxa4+ Nfd7 19. b4 O-O 20. Rfc1 Nc6
21. Bxa6 Ncb8 22. Qb5 Nxa6 23. Rxa6 Rxa6 24. Qxa6 Nb8 25. Qb5 Qe7 26. c6 Rc8 27. Ne5 f6 28. Nd3 Qe8 29. Qb7 Nd7 30. Nc5 Nxc5
31. Rxc5 Ra8 32. g3 h6 33. c7 Ra1+ 34. Kg2 Kh7 35. c8=Q Qg6 36. Qxe6 Qb1 37. Rxd5 Qf1+ 38. Kf3 Qh1+ 39. Kg4 h5+ 40. Kf4 Rc1
41. Rxh5+ Kg6 42. Qf5#
1-0

[Event "Close encounters"]
[Site "SchemingMind.com"]
[Date "2019.04.19"]
[Round "-"]
[White "Phillip Beckett"]
[Black "Timaeus"]
[Result "1/2-1/2"]
[WhiteCountry "ENG"]
[BlackCountry "JPN"]
[WhiteElo "1571"]
[WhiteRD "51"]
[BlackElo "1334"]
[BlackRD "73"]
[GameID "440393"]

1. e4 Nc6 2. d4 d5 3. e5 f6 4. exf6 Nxf6 5. Nf3 Bf5 6. Nc3 e6 7. Bd3 Bb4 8. Bxf5 exf5 9. O-O O-O 10. Bd2 Ne4
11. Nxe4 fxe4 12. Bxb4 Nxb4 13. a3 Nc6 14. Ne1 Qf6 15. c3 e3 16. f3 Rae8 17. Qe2 b5 18. Nd3 Qh6 19. Rae1 Na5 20. Nc5 Nc4
21. Nd7 Rf7 22. Ne5 Nxe5 23. Qxe3 Qxe3+ 24. Rxe3 Nxf3+ 25. Rexf3 Rxf3 26. Rxf3 a5 27. Kf2 Rb8 28. Rf5 c6 29. Re5 Rf8+ 30. Ke2 h6
31. Re6 Rc8 32. Kf3 Kf7 33. Re5 Kg6 34. g4 Kh7 35. h4 Rf8+ 36. Rf5 Rxf5+ 37. gxf5 Kg8 38. Kf4 Kf7 39. Ke5 Ke7 40. h5 a4
41. Kf4 Kf6 42. Kg4 Kf7 43. Kf4 Kf6 44. Kg4=
1/2-1/2

[Event "Close encounters"]
[Site "SchemingMind.com"]
[Date "2019.04.19"]
[Round "-"]
[White "Timaeus"]
[Black "Phillip Beckett"]
[Result "0-1"]
[WhiteCountry "JPN"]
[BlackCountry "ENG"]
[WhiteElo "1334"]
[WhiteRD "73"]
[BlackElo "1571"]
[BlackRD "51"]
[GameID "440394"]

1. d4 d5 2. Bf4 Nf6 3. e3 e6 4. Nf3 c5 5. b3 Nc6 6. c4 cxd4 7. Nxd4 Nxd4 8. Qxd4 Be7 9. Bd3 O-O 10. O-O Nh5
11. Nc3 Bf6 12. Be5 Bxe5 13. Qxe5 Nf6 14. h3 dxc4 15. Bxc4 Qb6 16. Na4 Qc6 17. Rad1 Bd7 18. Bb5 Qxb5 19. Qd4 Bc6 20. Nc3 Qb6
21. b4 Qxd4 22. Rxd4 Rfd8 23. Rfd1 Rxd4 24. Rxd4 Kf8 25. g3 Ke7 26. e4 Rd8 27. Rc4 Nd7 28. f4 Nb6 29. Rc5 Na4 30. Nxa4 Bxa4
31. e5 Bc6 32. Rc3 Rd1+ 33. Kf2 Rd2+
0-1

[Event "Close encounters"]
[Site "SchemingMind.com"]
[Date "2019.04.19"]
[Round "-"]
[White "Timaeus"]
[Black "ray winteringham"]
[Result "0-1"]
[WhiteCountry "JPN"]
[BlackCountry "ENG"]
[WhiteElo "1334"]
[WhiteRD "73"]
[BlackElo "1466"]
[BlackRD "49"]
[GameID "440395"]

1. d4 d5 2. Bf4 Bf5 3. e3 e6 4. Nf3 Bd6 5. Bd3 Bxf4 6. exf4 Ne7 7. c4 O-O 8. O-O c6 9. c5 Nd7 10. b4 b6
11. b5 bxc5 12. Nc3 Qc7 13. a4 Qxf4 14. Bxf5 Nxf5 15. bxc6 cxd4 16. Ne2 Qc7 17. cxd7 Qxd7 18. Nfxd4 Ne7 19. Nc3 a6 20. a5 Rfc8
21. Qd2 Nc6 22. Nxc6 Rxc6 23. Rab1 Rac8 24. Rfc1 Qc7 25. Na2 h6 26. Rxc6 Qxc6 27. Nb4 Qd6 28. Qd3 Rb8 29. Nc6 Rxb1+ 30. Qxb1 Qxc6
31. h3 Qc8 32. Qb6 Qc4 33. Qd8+ Kh7 34. Qb6 d4 35. Qb1+ g6 36. Qb7 Kg7 37. Qb2 Qc3 38. Qb6 d3 39. Qxa6 d2
0-1

[Event "Close encounters"]
[Site "SchemingMind.com"]
[Date "2019.04.19"]
[Round "-"]
[White "ray winteringham"]
[Black "Timaeus"]
[Result "0-1"]
[WhiteCountry "ENG"]
[BlackCountry "JPN"]
[WhiteElo "1499"]
[WhiteRD "49"]
[BlackElo "1466"]
[BlackRD "88"]
[GameID "440396"]

1. e4 e5 2. Nf3 Nc6 3. Bc4 Bc5 4. d3 d6 5. Bg5 f6 6. Bxg8 Rxg8 7. Bh4 Bg4 8. h3 Bh5 9. Nbd2 Qe7 10. a3 O-O-O
11. O-O g5 12. Bg3 g4 13. Nh2 gxh3 14. Qxh5 hxg2 15. Kxg2 Qg7 16. Kh1 Bxf2 17. Qh3+ Kb8 18. Rxf2 Qxg3 19. Rg2 Qxh3
0-1

[Event "Close encounters"]
[Site "SchemingMind.com"]
[Date "2019.04.19"]
[Round "-"]
[White "Timaeus"]
[Black "Allan Sedstrem"]
[Result "0-1"]
[WhiteCountry "JPN"]
[BlackCountry "SCO"]
[WhiteElo "1334"]
[WhiteRD "73"]
[BlackElo "1555"]
[BlackRD "69"]
[GameID "440397"]

1. d4 d5 2. Bf4 Bf5 3. e3 Nf6 4. Nf3 Nc6 5. Nc3 Nb4 6. a3 Nxc2+ 7. Ke2 Nxa1 8. Qxa1 h6 9. h3 c5 10. g4 Bh7
11. Qd1 e6 12. Qa4+ Nd7 13. Bg2 Qb6 14. Rb1 Bxb1 15. Nxb1 Qxb2+ 16. Nbd2 Be7 17. Kd1 a6 18. Bf1 b5 19. Qb3 Qxb3+ 20. Nxb3 c4
0-1